000 00524nam a2200217Ia 4500
003 OSt
005 20220923230818.0
006 a|||||r|||| 00| 0
007 ta
008 Pun
024 _a305,768
037 _cTextual
040 _aARTS
_cARTS
_bPun
041 _2Pun
_aPun
082 _aU8.7.M7, 153M8
100 _aਹਰਭਜਨ ਸਿੰਘ
245 0 _aਜਗਤ ਤਮਾFਾ
260 _c1988
942 _hU8.7.M7, 153M8
_cTEXL
_2CC
999 _c387558
_d387558